| 000 | 00636nam a2200217Ia 4500 | ||
|---|---|---|---|
| 003 | GCL | ||
| 008 | 140319s9999 xx 000 0 ara d | ||
| 040 |
_aGCL / _cGCL |
||
| 082 | 0 | 4 |
_a375.001 _bا م |
| 100 | 1 | _aاحمد حسين اللقانى | |
| 245 | 1 | 0 |
_aالمناهج بين النظرية والتطبيق / _cاحمد حسين اللقانى |
| 260 |
_a[S.N] : _bعالم الكتب الحديث ، _c1995 |
||
| 300 | _a492 ص | ||
| 490 | _a | ||
| 650 | 0 | 4 | _aطرق التدريس |
| 650 | 0 | 4 | _aالتعليم |
| 650 | 0 | 4 | _aالتربية |
| 650 | 0 | 4 | _aالمناهج |
| 650 | 0 | 4 | _aالمدرسون |
| 942 |
_2ddc _cBK |
||
| 999 |
_c31712 _d31712 |
||